00494nam a2200193Ia 450000500170000000800410001704000190005804100120007708200130008910000250010224500530012725000200018026000270020030000140022750400190024165000120026065100180027285000100029020250224131249.0131103s9999 xx 000 0 und d aLoreto College aEnglish a900bSOU aSouthgate, George W. aEuropean history 1789 - 1945cGeorge W.Southgate aRevised edition aLondonbJ.M.Dentc1956 axvi,390p  aIncludes index aHistory aIndia-history aLCBED